000 00863nam a2200229 a 4500
001 000028662
005 20200930055050.0
008 110411s1983 dr ade 001 0 spa d
040 _aDO-SdBNP
_bspa
_cBNPHU
082 _a721
_bM938e
100 1 _aMoya, Raúl de
_955629
245 1 4 _aUna estrategia para el enfoque del proyecto arquitectónico /
_cRaul de Moya.
260 _aSanto Domingo :
_aUASD,
_c1983.
300 _a104 p. :
_bil., gráfcs., planos ;
_c20 cm.
490 1 _aPublicaciones de la Universidad Autónoma de Santo Domingo
_v322
590 _aInventariado, 2018/LP
650 4 _aArquitectura
_xDiseños y planos
_92683
650 4 _aElaboración de proyectos
_920595
650 4 _aDibujo arquitectónico
_955630
830 0 _aPublicaciones de la Universidad Autónoma de Santo Domingo ;
_n322
_955631
910 _aValidado. Control de calidad EMS
999 _c28154
_d28154